LEADER 01208nam0-22003731i-450- 001 990003059880403321 010 $a0-333-54444-7 035 $a000305988 035 $aFED01000305988 035 $a(Aleph)000305988FED01 035 $a000305988 100 $a20000920d1992----km-y0itay50------ba 101 0 $aita 102 $aIT 200 1 $aEconomic Integration and Financial Liberalization$eProspects for Southern Europe$fEdited by Heather D. Gibson and Euclid Tsakalotos. 210 $aBasingstoke$aLondon$cMacmillan$d1992. 215 $aXI, 209 p.$d22 cm 225 1 $aSt.Antony's$fMacMillan Series 610 0 $aGrecia e sistema monetario europeo 610 0 $aLiberalizzazione finanziaria e integrazione europea 610 0 $aPortogallo e sistema monetario europeo 610 0 $aSpagna e sistema monetario europeo 676 $aF/1.41 676 $aJ/4.10 702 1$aGibson,$bHeather D. 702 1$aTsakalotos,$bEuclid$f<1960- > 801 0$aIT$bUNINA$gRICA$2UNIMARC 901 $aBK 912 $a990003059880403321 952 $aJ/4.10 GIB$b11216$fSES 959 $aSES 996 $aEconomic Integration and Financial Liberalization$9465232 997 $aUNINA DB $aING01 LEADER 00846nam0-2200277 --450 001 9910576300503321 005 20220624111226.0 010 $a978-88-94820-13-3 100 $a20220624d2017----kmuy0itay5050 ba 101 0 $aita 102 $aIT 105 $a 001yy 200 1 $aAedes vestae$escoperta, esplorazione e ricomposizione del sacrario di Vesta$fGiacomo Boni$gedizione a cura di Maria Elisa Garcia Barraco 210 $aRoma$cArbor Sapientiae$dc2017 215 $a51 p.$cill.$d25 cm 225 1 $aAntichitą romane$v22 676 $a937.63$v23$zita 700 1$aBoni,$bGiacomo$0170258 702 1$aGarcia Barraco,$bMaria Elisa 801 0$aIT$bUNINA$gREICAT$2UNIMARC 901 $aBK 912 $a9910576300503321 952 $aIV H 291$b2020/1131$fFGBC 959 $aFGBC 996 $aAedes vestae$92880404 997 $aUNINA